000 00443nam a2200193Ia 4500
008 210210b1926 xxu||||| |||| 00| 0 eng d
041 _aeng
082 _a320/670
100 _a-
245 _aLeague of nations:a survey 1920-26
260 _aGeneva
_bLeague of Nations
_c1926
300 _a117
650 _asurvey
650 _anations:a
650 _aLeague
650 _a1920-26
690 _aPolitical Science
906 _a003301
999 _c120935
_d120935